Le 5 città più popolose di ogni Regione italiana - Statistics

Statistiche generali
  • Questo quiz è stato fatto 858 volte
  • Il punteggio medio è 61 su 100
Statistiche sulle risposte
Regione Città Abitanti % Corretto
Valle d'Aosta Aosta 34 110
96%
Piemonte Torino 848 196
96%
Lombardia Milano 1 404 239
94%
Liguria Genova 580 097
93%
Lazio Roma 2 869 461
93%
Veneto Venezia 255 305
90%
Emilia-Romagna Bologna 394 503
89%
Campania Napoli 940 940
89%
Umbria Perugia 164 670
89%
Trentino-Alto Adige Trento 117 781
89%
Toscana Firenze 372 038
88%
Veneto Verona 257 748
87%
Piemonte Alessandria 92 104
86%
Puglia Bari 312 178
86%
Lombardia Bergamo 122 248
86%
Liguria La Spezia 93 347
86%
Friuli-Venezia Giulia Trieste 201 613
86%
Trentino-Alto Adige Bolzano 107 349
85%
Lombardia Brescia 200 423
84%
Molise Campobasso 47 827
84%
Lazio Latina 125 375
84%
Sicilia Palermo 639 959
84%
Friuli-Venezia Giulia Udine 100 170
84%
Toscana Pisa 91 393
83%
Campania Salerno 130 240
83%
Sardegna Cagliari 154 199
82%
Sicilia Catania 294 028
82%
Marche Ancona 99 108
81%
Veneto Padova 208 019
81%
Emilia-Romagna Parma 194 978
81%
Emilia-Romagna Reggio Emilia 171 192
81%
Abruzzo L'Aquila 69 918
80%
Puglia Lecce 93 799
80%
Lombardia Monza 124 051
80%
Lombardia Como 85 820
79%
Liguria Imperia 42 318
79%
Toscana Livorno 157 024
79%
Sicilia Messina 225 019
79%
Basilicata Potenza 66 769
79%
Calabria Reggio Calabria 173 698
79%
Liguria Savona 60 632
79%
Piemonte Asti 74 348
78%
Calabria Catanzaro 86 606
78%
Piemonte Novara 101 916
78%
Abruzzo Pescara 119 549
77%
Puglia Foggia 147 880
76%
Umbria Terni 109 537
76%
Veneto Vicenza 109 233
76%
Basilicata Matera 60 404
75%
Emilia-Romagna Modena 184 973
75%
Puglia Taranto 188 603
75%
Friuli-Venezia Giulia Pordenone 51 733
74%
Sardegna Sassari 126 877
74%
Toscana Prato 194 913
73%
Friuli-Venezia Giulia Gorizia 33 569
70%
Molise Isernia 20 950
70%
Sicilia Siracusa 118 169
70%
Veneto Treviso 84 902
70%
Calabria Cosenza 65 185
69%
Emilia-Romagna Ravenna 159 173
69%
Toscana Arezzo 99 258
66%
Marche Pesaro 96 238
66%
Abruzzo Chieti 49 747
63%
Liguria Sanremo 54 529
60%
Abruzzo Teramo 53 199
59%
Sardegna Olbia 60 136
57%
Puglia Andria 97 723
56%
Marche Ascoli Piceno 46 760
44%
Campania Giugliano in Campania 118 906
43%
Lazio Fiumicino 80 067
38%
Molise Termoli 32 926
37%
Trentino-Alto Adige Merano 40 372
36%
Trentino-Alto Adige Rovereto 39 623
35%
Marche Fano 60 105
33%
Umbria Spoleto 38 251
32%
Valle d'Aosta Quart 4 064
31%
Sicilia Marsala 80 330
30%
Umbria Foligno 54 873
29%
Calabria Lamezia Terme 67 766
29%
Campania Torre del Greco 82 329
29%
Sardegna Alghero 44 054
27%
Trentino-Alto Adige Bressanone 21 823
26%
Lazio Guidonia Montecelio 89 475
26%
Sardegna Quartu Sant'Elena 70 955
26%
Friuli-Venezia Giulia Monfalcone 28 290
24%
Campania Pozzuoli 78 870
24%
Marche San Benedetto del Tronto 47 485
23%
Lazio Aprilia 74 295
21%
Piemonte Moncalieri 56 522
21%
Umbria Città di Castello 40 053
19%
Calabria Corigliano-Rossano 74 896
19%
Basilicata Melfi 17 739
15%
Abruzzo Montesilvano 53 166
15%
Basilicata Policoro 17 875
14%
Valle d'Aosta Saint-Vincent 4 605
14%
Molise Venafro 11 129
11%
Valle d'Aosta Chatillon 4 659
9%
Basilicata Pisticci 17 538
6%
Valle d'Aosta Sarre 4 886
6%
Molise Campomarino 7757
5%
Nessun quiz corrispondente trovato
Distribuzione punteggi
Percentuale di utenti per punteggio
Percentile per numero di risposta
I tuoi punteggi nel tempo
Non hai fatto questo quiz